[Event "Olimpiade 2024 - Donne"]
[Site "Budapest"]
[Date "19.09.2024"]
[Round "8.27"]
[Board "1"]
[White "Varela La Madrid, Tilsia Carolina"]
[Black "Narva, Mai"]
[Result "0-1"]
[WhiteTitle "WIM"]
[BlackTitle "IM"]
[WhiteElo "2017"]
[BlackElo "2420"]
[WhiteTeam "Venezuela"]
[BlackTeam "Estonia"]
[WhiteFideId "3903001"]
[BlackFideId "4500512"]
[EventDate "2024.09.11"]

1. e4 c5 2. c3 Nf6 3. e5 Nd5 4. Nf3 e6 5. d4 cxd4 6. cxd4 d6 7. Nc3 Nxc3 8. bxc3
Qc7 9. Bd2 Nd7 10. exd6 Bxd6 11. Bd3 O-O 12. O-O b6 13. Qc2 h6 14. Bh7+ Kh8 15.
Be4 Bb7 16. Bxb7 Qxb7 17. Rfe1 Rac8 18. Rab1 Qd5 19. Qa4 Rc4 20. Qb3 Rfc8 21.
Rbc1 Qc6 22. h3 Nf6 23. Ne5 Bxe5 24. Rxe5 Ne4 25. Qd1 Nxd2 26. Qxd2 Rxc3 27.
Rce1 Rc1 28. Qf4 Qc3 29. Kf1 Kg8 30. g3 Qc4+ 31. Kg2 Rxe1 32. Rxe1 Qxa2 33. Re5
Qc4 34. Qe3 Rd8 35. Re4 a5 36. Kh2 b5 37. Rg4 f5 38. Rh4 Kh7 39. Rf4 b4 40. g4
b3 41. gxf5 b2 42. fxe6 b1=Q 43. e7 Re8 44. Qe5 Qcf1 0-1

[Event "Olimpiade 2024 - Donne"]
[Site "Budapest"]
[Date "19.09.2024"]
[Round "8.34"]
[Board "1"]
[White "Wagener, Anna"]
[Black "Mayorga Araya, Sofia"]
[Result "1/2-1/2"]
[WhiteTitle "WGM"]
[BlackTitle "WIM"]
[WhiteElo "2251"]
[BlackElo "2059"]
[WhiteTeam "Luxembourg"]
[BlackTeam "Costa Rica"]
[WhiteFideId "13900285"]
[BlackFideId "6514065"]
[EventDate "2024.09.11"]

1. e4 c5 2. Nf3 d6 3. Bb5+ Nd7 4. O-O Nf6 5. Re1 e6 6. c3 a6 7. Ba4 b5 8. Bc2 c4
9. a4 Bb7 10. axb5 axb5 11. Rxa8 Qxa8 12. Na3 Bxe4 13. Bxe4 Nxe4 14. Nxb5 Qb7
15. d3 Qxb5 16. Rxe4 cxd3 17. Rb4 Qa6 18. Ra4 Qc8 19. Be3 Be7 20. Qxd3 O-O 21.
Ra7 Rd8 22. Qb5 Bf6 23. h3 h6 24. Bd4 e5 25. Be3 Nc5 26. Bxc5 dxc5 27. Qc4 Rd1+
28. Kh2 e4 29. Qxf7+ Kh8 30. Nh4 Qb8+ 31. g3 e3 32. Rb7 Qd8 33. Ng6+ Kh7 34.
Nf8+ Kh8 35. Ng6+ Kh7 36. Nf8+ Kh8 37. Ng6+ 1/2-1/2

[Event "Olimpiade 2024 - Donne"]
[Site "Budapest"]
[Date "19.09.2024"]
[Round "8.42"]
[Board "4"]
[White "Cardozo, Camila"]
[Black "Mayeregger Gonzalez, Fiorella Allegra"]
[Result "1/2-1/2"]
[WhiteElo "1673"]
[BlackElo "1796"]
[WhiteTeam "Uruguay"]
[BlackTeam "Paraguay"]
[WhiteFideId "3004457"]
[BlackFideId "3708845"]
[EventDate "2024.09.11"]

1. d4 d5 2. Bf4 c5 3. e3 cxd4 4. exd4 f6 5. Bb5+ Nc6 6. Nc3 e6 7. Nf3 Ne7 8. O-O
g6 9. Re1 Bg7 10. Ne2 O-O 11. Ng3 a6 12. Bf1 Qb6 13. Rb1 e5 14. dxe5 fxe5 15.
Be3 Qd8 16. c3 Nf5 17. Bg5 Qd6 18. Qb3 Nxg3 19. hxg3 Be6 20. Rbd1 Kh8 21. Qb6
Qd7 22. Be3 Bg4 23. Be2 Rf6 24. Qc5 Rd6 25. Ng5 Bxe2 26. Rxe2 Rf8 27. Ne4 dxe4
28. Qxd6 Qg4 29. Red2 h5 30. Qc7 h4 31. gxh4 Qxh4 32. Qd7 Ne7 33. Qh3 Qxh3 34.
gxh3 Nf5 35. Rd8 b5 36. Rxf8+ Bxf8 37. Rd8 Kg7 38. Ba7 Be7 39. Rd5 Bf6 40. Rd7+
Kh6 41. Be3+ Bg5 42. Bxg5+ Kxg5 43. Kf1 Kf4 44. Ke2 e3 45. fxe3+ Nxe3 46. Rd6 g5
47. Rxa6 Ng2 48. Kf2 Nh4 49. a4 bxa4 50. Rxa4+ e4 51. Rc4 Ng6 52. Rc8 Ke5 53.
Ke3 Nf4 54. Rc5+ Kf6 55. Kxe4 Nxh3 56. b4 g4 57. Rc8 Ke6 58. Rg8 Nf2+ 59. Kf4
Kd5 60. Rxg4 Nd1 61. Rg5+ Kc4 62. Rc5+ Kb3 63. b5 Nb2 64. b6 Nd3+ 65. Ke4 Nxc5+
66. Kd5 Na6 67. c4 Kb4 68. b7 Nb8 69. c5 Kb5 70. Kd6 Nc6 71. Kd5 Nb8 72. Kd6 Nc6
73. Kc7 Kxc5 74. b8=Q 1/2-1/2

[Event "Olimpiade 2024 - Donne"]
[Site "Budapest"]
[Date "19.09.2024"]
[Round "8.44"]
[Board "3"]
[White "Mbatha, Constance"]
[Black "Koh, Wei Le Gladys"]
[Result "0-1"]
[WhiteTitle "WFM"]
[WhiteElo "1799"]
[BlackElo "1788"]
[WhiteTeam "Zambia"]
[BlackTeam "Singapore"]
[WhiteFideId "8700591"]
[BlackFideId "5820669"]
[EventDate "2024.09.11"]

1. d4 d5 2. Nf3 Nf6 3. e3 c6 4. c4 e6 5. c5 b6 6. b4 a5 7. Bd2 axb4 8. Bxb4 bxc5
9. dxc5 Bxc5 10. Bc3 O-O 11. Nbd2 Nbd7 12. Bd3 Ba6 13. Bxa6 Rxa6 14. O-O Qe7 15.
Nb3 Bd6 16. Qc2 Ne4 17. Bb2 c5 18. Ne1 Rfa8 19. Nc1 c4 20. f3 Nec5 21. Rb1 Qg5
22. Bd4 e5 23. f4 Qe7 24. fxe5 Bxe5 25. Nf3 Bxd4 26. exd4 Ne4 27. Rb7 Rb6 28.
Rxb6 Nxb6 29. Qb2 Na4 30. Qb5 Nac3 31. Qc6 Rd8 32. Qb6 Qd6 33. Qa5 Rb8 34. Qa7
Nb5 35. Qa4 Qb6 36. Ne2 Qa7 37. Qc2 Na3 38. Qc1 Rb1 39. Qf4 Rxf1+ 40. Kxf1 Qb7
41. Qe5 h6 42. g3 Qb1+ 43. Kg2 Qxa2 44. Ng1 Nf6 45. Qf5 Qb1 46. Qc8+ Kh7 47. h3
Qe4+ 48. Kf2 Nc2 49. Kf1 Nxd4 50. Nxd4 Qxd4 51. Qf5+ g6 52. Qc2 Ne4 53. g4 Nd2+
54. Kg2 Qf4 55. Qd1 c3 56. h4 d4 57. h5 d3 58. hxg6+ Kxg6 59. Nh3 Qe4+ 60. Kg3
Qe3+ 61. Kh4 Nf3+ 62. Qxf3 Qxf3 63. Nf4+ Qxf4 0-1

[Event "Olimpiade 2024 - Donne"]
[Site "Budapest"]
[Date "19.09.2024"]
[Round "8.63"]
[Board "2"]
[White "Gemota, Joan"]
[Black "Thornton, Filipina"]
[Result "0-1"]
[BlackTitle "WFM"]
[WhiteElo "1567"]
[BlackElo "1768"]
[WhiteTeam "Palau"]
[BlackTeam "Malta"]
[WhiteFideId "16601289"]
[BlackFideId "5600464"]
[EventDate "2024.09.11"]

1. d4 d5 2. Nf3 Nf6 3. Nc3 Bg4 4. Bg5 e6 5. e3 Be7 6. Be2 Nbd7 7. Qd2 h6 8. Bf4
a6 9. Ne5 Bxe2 10. Nxe2 Ne4 11. Qd3 c5 12. Nxd7 Qxd7 13. Ng3 g5 14. Be5 f6 15.
Nxe4 dxe4 16. Qxe4 fxe5 17. Qxe5 O-O-O 18. O-O-O c4 19. d5 exd5 20. Rxd5 Qxd5
21. Qxe7 Qd2+ 22. Kb1 Qd1+ 0-1

[Event "Olimpiade 2024 - Donne"]
[Site "Budapest"]
[Date "20.09.2024"]
[Round "9.1"]
[Board "1"]
[White "Assaubayeva, Bibisara"]
[Black "Kashlinskaya, Alina"]
[Result "1/2-1/2"]
[WhiteTitle "IM"]
[BlackTitle "IM"]
[WhiteElo "2482"]
[BlackElo "2490"]
[WhiteTeam "Kazakhstan"]
[BlackTeam "Poland"]
[WhiteFideId "13708694"]
[BlackFideId "4198026"]
[EventDate "2024.09.11"]

1. e4 e5 2. Nf3 Nc6 3. Bc4 Bc5 4. Nc3 d6 5. Na4 Qf6 6. c3 Nge7 7. b4 Bb6 8. O-O
Bg4 9. Be2 Ng6 10. d3 Nf4 11. Bxf4 Qxf4 12. Nd2 Bxe2 13. Qxe2 O-O 14. Nc4 f5 15.
Naxb6 axb6 16. a4 Qg5 17. f3 Ne7 18. a5 b5 19. Ne3 c6 20. c4 bxc4 21. dxc4 fxe4
22. fxe4 Rf4 23. Qd3 Qg6 24. Rxf4 exf4 25. Nf5 Nxf5 26. exf5 Qe8 27. Rd1 h6 28.
h3 Qe5 29. Qxd6 Qxf5 30. Qe7 Qc2 31. Rf1 Rf8 32. Qxb7 f3 33. Rxf3 Rxf3 34. gxf3
Qd1+ 35. Kf2 Qd2+ 36. Kf1 1/2-1/2

[Event "Olimpiade 2024 - Donne"]
[Site "Budapest"]
[Date "20.09.2024"]
[Round "9.1"]
[Board "2"]
[White "Socko, Monika"]
[Black "Kamalidenova, Meruert"]
[Result "1/2-1/2"]
[WhiteTitle "GM"]
[BlackTitle "IM"]
[WhiteElo "2422"]
[BlackElo "2352"]
[WhiteTeam "Poland"]
[BlackTeam "Kazakhstan"]
[WhiteFideId "1106619"]
[BlackFideId "13712802"]
[EventDate "2024.09.11"]

1. d4 Nf6 2. Nf3 g6 3. c4 Bg7 4. Nc3 d5 5. Bg5 Ne4 6. cxd5 Nxg5 7. Nxg5 e6 8.
Nf3 exd5 9. e3 O-O 10. Bd3 b6 11. O-O c5 12. dxc5 bxc5 13. Rc1 Be6 14. Na4 c4
15. Be2 Nc6 16. b3 Qa5 17. Ng5 Bd7 18. Bxc4 Nb4 19. a3 dxc4 20. Qxd7 Qxg5 21.
axb4 Rfd8 22. Qc6 cxb3 23. Qc4 b2 24. Rc2 Rab8 25. Nxb2 Qb5 26. Qxb5 Rxb5 27.
Nc4 Rxb4 28. Na5 Ra4 29. Nc6 Rd7 30. g3 Rc7 31. Rb1 Bf6 32. Kf1 Ra6 33. Nb4 Rxc2
34. Nxc2 Ra2 35. Nb4 Ra5 36. Rc1 Ra1 37. Rxa1 Bxa1 38. Nc6 a6 39. Ke2 Bc3 40.
Kd3 Be1 41. Ke2 Bc3 42. Kd3 Be1 43. f3 Kg7 44. Ke2 Bc3 45. Kd3 Be1 46. Ke2 Bc3
47. Kd3 Be1 48. Ke2 1/2-1/2

[Event "Olimpiade 2024 - Donne"]
[Site "Budapest"]
[Date "20.09.2024"]
[Round "9.1"]
[Board "3"]
[White "Balabayeva, Xeniya"]
[Black "Kiolbasa, Oliwia"]
[Result "1/2-1/2"]
[WhiteTitle "WIM"]
[BlackTitle "IM"]
[WhiteElo "2335"]
[BlackElo "2348"]
[WhiteTeam "Kazakhstan"]
[BlackTeam "Poland"]
[WhiteFideId "13719688"]
[BlackFideId "1154613"]
[EventDate "2024.09.11"]

1. d4 d5 2. Nf3 Nf6 3. Bf4 c5 4. e3 Nc6 5. Nbd2 Bg4 6. Be2 e6 7. O-O cxd4 8.
exd4 Bd6 9. Bxd6 Qxd6 10. c3 O-O 11. a4 Nd7 12. Re1 h6 13. Nf1 Bf5 14. Ng3 Bg6
15. a5 a6 16. Bf1 Rfe8 17. Qd2 Qc7 18. b4 Nf6 19. Ne5 Ne4 20. Nxe4 Bxe4 21. Nxc6
Qxc6 22. Re3 Rac8 23. Qb2 Qd6 24. b5 axb5 25. Bxb5 Re7 26. Qb4 Qc7 27. c4 e5 28.
dxe5 Rxe5 29. Rae1 Rh5 30. g3 Qc5 31. Qxc5 Rxc5 32. f3 dxc4 33. g4 Rhg5 34. h4
Rg6 35. Bxc4 Rxc4 36. Rxe4 Rxe4 37. Rxe4 Ra6 38. Re8+ Kh7 39. Re7 f6 1/2-1/2

[Event "Olimpiade 2024 - Donne"]
[Site "Budapest"]
[Date "20.09.2024"]
[Round "9.1"]
[Board "4"]
[White "Sliwicka, Alicja"]
[Black "Nurman, Alua"]
[Result "0-1"]
[WhiteTitle "WIM"]
[BlackTitle "WIM"]
[WhiteElo "2373"]
[BlackElo "2324"]
[WhiteTeam "Poland"]
[BlackTeam "Kazakhstan"]
[WhiteFideId "1150677"]
[BlackFideId "13729390"]
[EventDate "2024.09.11"]

1. e4 c5 2. Nf3 d6 3. d4 cxd4 4. Nxd4 Nf6 5. Nc3 a6 6. f3 e5 7. Nb3 Be6 8. Be3
h5 9. Qd2 Nbd7 10. Nd5 Bxd5 11. exd5 Rc8 12. O-O-O Nb6 13. Qa5 Qc7 14. c3 Nbd7
15. Qb4 Be7 16. h4 b5 17. Be2 Qb7 18. Na5 Qa8 19. Qb3 Nc5 20. Bxc5 Rxc5 21. Nc6
Nxd5 22. Nxe7 Kxe7 23. Bd3 Nf6 24. Rhe1 Rd8 25. Rd2 Kf8 26. Kb1 Qc6 27. Qd1 g6
28. g4 Qc7 29. Bc2 a5 30. Rd3 Kg7 31. g5 Ng8 32. f4 exf4 33. Rf3 d5 34. Ref1 Rc4
35. Bd3 Re4 36. Qc1 Re7 37. Rxf4 Qc5 38. Bc2 Rdd7 39. Qd2 Re5 40. Qd3 Re6 41. a3
Rde7 42. Ka2 Re4 43. Bb3 Rxf4 44. Rxf4 Rd7 45. Qh3 Qc7 46. Rd4 Ne7 47. Qf1 Nf5
48. Rd2 Qc5 49. Ka1 Rd6 50. Qh1 b4 51. cxb4 axb4 52. a4 Nd4 53. Rd3 Nxb3+ 54.
Rxb3 Ra6 55. Qe1 Rxa4+ 56. Kb1 Qd4 57. Rf3 Ra7 58. Qe2 Rb7 59. Rd3 Qxh4 60. Qe5+
Kh7 61. Qxd5 Re7 62. Ka2 Qe4 63. Qb5 Qe6+ 64. Kb1 Qf5 65. Qxf5 gxf5 66. Rd6 Re6
67. Rd4 Rb6 68. Rd8 Kg7 69. Kc2 Re6 70. Rb8 Re4 71. Rb6 f4 72. Rh6 f3 73. Rf6
Re3 74. Kd2 Re2+ 75. Kd1 Rxb2 76. Rxf3 Rg2 77. Rf5 b3 78. Kc1 b2+ 79. Kb1 h4 80.
Rf3 Kg6 81. Rf6+ Kxg5 82. Rxf7 h3 83. Ka2 Kg4 84. Rg7+ Kf5 85. Rf7+ Ke6 86. Rf1
h2 0-1

[Event "Olimpiade 2024 - Donne"]
[Site "Budapest"]
[Date "20.09.2024"]
[Round "9.2"]
[Board "1"]
[White "Ouellet, Maili-Jade"]
[Black "Gaal, Zsoka"]
[Result "1-0"]
[WhiteTitle "WGM"]
[BlackTitle "WIM"]
[WhiteElo "2318"]
[BlackElo "2385"]
[WhiteTeam "Canada"]
[BlackTeam "Hungary"]
[WhiteFideId "2620472"]
[BlackFideId "777765"]
[EventDate "2024.09.11"]

1. d4 Nf6 2. c4 e6 3. Nc3 Bb4 4. Qc2 b6 5. e4 c5 6. d5 Qe7 7. Ne2 exd5 8. exd5
O-O 9. Bg5 h6 10. Bh4 d6 11. O-O-O a6 12. a3 Ba5 13. Kb1 Nbd7 14. f4 b5 15. Ng3
Bxc3 16. Nf5 Qd8 17. Qxc3 b4 18. Qg3 g6 19. Nxh6+ Kh7 20. Ng4 Kg7 21. axb4 Ne4
22. Qe1 Qe8 23. Bd3 f5 24. Nf2 cxb4 25. Bxe4 fxe4 26. Nxe4 Rxf4 27. Nxd6 Qxe1
28. Bxe1 Nb6 29. g3 Rxc4 30. Nxc4 Bf5+ 31. Ka2 Nxc4 32. Bxb4 Ne3 33. Bc3+ Kf7
34. Rd4 Nxd5 35. Re1 Be6 36. Ka1 Rc8 37. Ra4 Rc6 38. Bd4 Bf5 39. b3 Bd3 40. Bb2
Bf5 41. Rd4 Be6 42. Re5 Rc5 43. g4 Rb5 44. h4 a5 45. h5 gxh5 46. gxh5 Rxb3 47.
Rdxd5 Bxd5 48. Rxd5 a4 49. h6 Kg6 50. Bc1 Rh3 51. Rd7 Rh2 52. Rg7+ Kf5 53. h7
Rh1 54. Ka2 Rh2+ 55. Bb2 1-0

[Event "Olimpiade 2024 - Donne"]
[Site "Budapest"]
[Date "20.09.2024"]
[Round "9.2"]
[Board "2"]
[White "Hoang, Thanh Trang"]
[Black "Li, Yunshan"]
[Result "1-0"]
[WhiteTitle "GM"]
[BlackTitle "WIM"]
[WhiteElo "2351"]
[BlackElo "2268"]
[WhiteTeam "Hungary"]
[BlackTeam "Canada"]
[WhiteFideId "12400149"]
[BlackFideId "8607664"]
[EventDate "2024.09.11"]

1. d4 d5 2. Nf3 Nf6 3. e3 e6 4. Bd3 c5 5. O-O Nc6 6. b3 b6 7. Bb2 Be7 8. Nbd2
O-O 9. a3 Bb7 10. Qe2 Re8 11. Rad1 cxd4 12. exd4 Bf8 13. Ne5 g6 14. f4 Bg7 15.
Rf2 Nd7 16. Re1 Nf8 17. Ndf3 f6 18. Nxc6 Bxc6 19. Qd2 Qd6 20. Rfe2 Bh6 21. g3 a5
22. a4 Nd7 23. Qc1 Bf8 24. f5 e5 25. dxe5 fxe5 26. Nxe5 Qc5+ 27. Kf1 Nxe5 28.
Bxe5 Bd7 29. Kg2 Bg7 30. fxg6 hxg6 31. Bxg7 Kxg7 32. Qg5 Qd6 33. Re7+ Rxe7 34.
Qxe7+ 1-0

[Event "Olimpiade 2024 - Donne"]
[Site "Budapest"]
[Date "20.09.2024"]
[Round "9.2"]
[Board "3"]
[White "Pham, Bich Ngoc"]
[Black "Terbe, Julianna"]
[Result "1/2-1/2"]
[WhiteTitle "WIM"]
[BlackTitle "WIM"]
[WhiteElo "2199"]
[BlackElo "2245"]
[WhiteTeam "Canada"]
[BlackTeam "Hungary"]
[WhiteFideId "12401285"]
[BlackFideId "708780"]
[EventDate "2024.09.11"]

1. Nf3 d5 2. g3 Nf6 3. Bg2 c6 4. c4 dxc4 5. O-O Nbd7 6. Na3 Nb6 7. Qc2 g6 8.
Nxc4 Nxc4 9. Qxc4 Bg7 10. b3 O-O 11. Bb2 a5 12. a3 Be6 13. Qc3 Qb6 14. b4 Ne8
15. Ne5 Nd6 16. d3 Rfd8 17. Qc5 Qxc5 18. bxc5 Nb5 19. f4 a4 20. Rfd1 Bb3 21. Rd2
f6 22. Nf3 Rd7 23. Bh3 e6 24. e3 Rad8 25. d4 Re7 26. Rf2 Bd5 27. Bf1 Nc7 28. Nd2
e5 29. Nc4 exd4 30. Bxd4 Nb5 31. f5 gxf5 32. Bb2 Be4 33. Nb6 Nc7 34. Bc4+ Nd5
35. Nxa4 Kf7 36. Nc3 Kg6 37. Nxe4 fxe4 38. Rd1 Red7 39. Rfd2 Bf8 40. Bd4 Nc7 41.
Rf1 Be7 42. Rf4 h5 43. g4 h4 44. Re2 Rxd4 45. exd4 Rxd4 46. Rfxe4 Rxe4 47. Bd3
Bxc5+ 48. Kg2 Bxa3 49. Bxe4+ Kg5 50. Rf2 Kxg4 51. Rxf6 h3+ 52. Kf1 Nd5 53. Rf7
Bd6 54. Kg1 Bc5+ 55. Kh1 Ne3 56. Bf3+ Kg5 57. Rxb7 Bd4 58. Bxc6 Ng4 59. Rd7 Be5
60. Rh7 Nxh2 61. Rxh3 Ng4 62. Kg2 Kf4 63. Rf3+ Kg5 64. Bd7 Bf4 65. Ra3 Ne5 66.
Bh3 Kf6 67. Ra8 Bc1 68. Kg3 Bd2 69. Kh4 Be1+ 70. Kh5 Bd2 71. Ra6+ Kf7 72. Be6+
Ke7 73. Bd5 Kd7 74. Bb3 Kc7 75. Ra2 Bb4 76. Kg5 Nc6 77. Kf4 Bd6+ 78. Ke4 Kb6 79.
Be6 Bc5 80. Rh2 Nb4 81. Bc4 Kc6 82. Rh6+ Kc7 83. Bb5 Bf8 84. Rg6 Bc5 85. Ba4 Kb7
86. Ke5 Kc7 87. Ke6 Bf8 88. Rg5 Nc6 89. Rg8 Ba3 90. Rg3 Bb2 91. Rg2 Nd8+ 92. Ke7
Ba3+ 93. Ke8 Ne6 94. Rg6 Nd4 95. Rg3 Bc5 96. Rc3 Kd6 97. Rh3 Kc7 98. Rh6 Bb4 99.
Rh7+ Kd6 100. Rh6+ Kc7 101. Kf7 Bc5 102. Kf6 Kd6 103. Kg5+ Ke5 104. Kg4 Bd6 105.
Be8 Kd5 106. Bf7+ Kc5 107. Rh5+ Kb4 108. Rd5 Bc5 109. Kf4 Nb5 110. Ke5 Nc3 111.
Rd8 1/2-1/2

[Event "Olimpiade 2024 - Donne"]
[Site "Budapest"]
[Date "20.09.2024"]
[Round "9.2"]
[Board "4"]
[White "Lazarne Vajda, Szidonia"]
[Black "Demchenko, Svitlana"]
[Result "1-0"]
[WhiteTitle "IM"]
[BlackTitle "WIM"]
[WhiteElo "2283"]
[BlackElo "2167"]
[WhiteTeam "Hungary"]
[BlackTeam "Canada"]
[WhiteFideId "723894"]
[BlackFideId "14149893"]
[EventDate "2024.09.11"]

1. d4 Nf6 2. Nf3 g6 3. g3 Bg7 4. Bg2 O-O 5. c4 d6 6. O-O Bf5 7. Nc3 Ne4 8. Nxe4
Bxe4 9. Be3 Nd7 10. Qd2 Re8 11. Bh6 Bh8 12. Qf4 Bxf3 13. Bxf3 e5 14. dxe5 dxe5
15. Qe4 Nc5 16. Qe3 Qe7 17. Bd5 Ne6 18. Bxb7 Rab8 19. Bc6 Red8 20. b3 Nd4 21.
Be4 c6 22. Rad1 Re8 23. h4 f5 24. Bg2 a5 25. Rd2 a4 26. bxa4 Rb4 27. Rc1 Qc5 28.
Rxd4 Qxd4 29. Qxd4 exd4 30. Bxc6 Kf7 31. Bxe8+ Kxe8 32. Rc2 Kd7 33. a5 Kc6 34.
a3 Ra4 35. Bf8 Rxa5 36. Bb4 Ra4 37. Kg2 Be5 38. Rd2 Ra8 39. Kf3 Re8 40. Rd3 Bf6
41. e3 Re4 42. exd4 Bxd4 43. Rd2 h6 44. Re2 Rxe2 45. Kxe2 Ba7 46. Bd2 Bc5 47. a4
h5 48. Be3 Bb4 49. Kf3 Bd6 50. a5 Kb7 51. Bb6 Be5 52. Ke3 f4+ 53. Ke4 Bd6 54. c5 1-0

[Event "Olimpiade 2024 - Donne"]
[Site "Budapest"]
[Date "20.09.2024"]
[Round "9.3"]
[Board "1"]
[White "Tokhirjonova, Gulrukhbegim"]
[Black "Vaishali, Rameshbabu"]
[Result "1-0"]
[WhiteTitle "IM"]
[BlackTitle "GM"]
[WhiteElo "2380"]
[BlackElo "2498"]
[WhiteTeam "United States of America"]
[BlackTeam "India"]
[WhiteFideId "14203626"]
[BlackFideId "5091756"]
[EventDate "2024.09.11"]

1. c4 e5 2. g3 Nf6 3. Bg2 Bc5 4. Nc3 c6 5. e3 O-O 6. Nge2 d5 7. cxd5 Nxd5 8. d4
exd4 9. Nxd5 cxd5 10. Nxd4 Nc6 11. Nb3 Bb6 12. O-O Be6 13. Bd2 Re8 14. Bc3 Qg5
15. a4 Rad8 16. Nd4 Bg4 17. Qd2 Bc7 18. Rac1 Qh5 19. Nxc6 bxc6 20. Qd4 Be5 21.
Qxa7 Bxc3 22. Rxc3 Rd6 23. Qc7 Rh6 24. h4 g5 25. Rxc6 Be6 26. Rd6 Kg7 27. Rd8
Rxd8 28. Qxd8 gxh4 29. Qxh4 Qf5 30. Qd4+ f6 31. Rc1 Qh5 32. Rc7+ Kg6 33. Qd3+
Bf5 34. Qxd5 1-0

[Event "Olimpiade 2024 - Donne"]
[Site "Budapest"]
[Date "20.09.2024"]
[Round "9.3"]
[Board "2"]
[White "Divya, Deshmukh"]
[Black "Yip, Carissa"]
[Result "1/2-1/2"]
[WhiteTitle "IM"]
[BlackTitle "IM"]
[WhiteElo "2483"]
[BlackElo "2386"]
[WhiteTeam "India"]
[BlackTeam "United States of America"]
[WhiteFideId "35006916"]
[BlackFideId "2090732"]
[EventDate "2024.09.11"]

1. d4 d5 2. c4 dxc4 3. Nf3 c5 4. e3 cxd4 5. exd4 Be6 6. Nc3 Nf6 7. Ne5 Nc6 8.
Nxc6 bxc6 9. Qa4 Qb6 10. Bxc4 Bxc4 11. Qxc4 e6 12. O-O Be7 13. Bf4 O-O 14. Na4
Qb5 15. Rfc1 Rfc8 16. a3 Nd5 17. Be5 Nb6 18. Nxb6 axb6 19. Qxb5 cxb5 20. Bc7 Bd8
21. Bxd8 Rxd8 22. Rc6 Rab8 23. Rd1 Kf8 24. Kf1 Rdc8 25. Rdc1 Rd8 26. Rd1 Rdc8
27. Rdc1 Rd8 28. Rd1 1/2-1/2

[Event "Olimpiade 2024 - Donne"]
[Site "Budapest"]
[Date "20.09.2024"]
[Round "9.3"]
[Board "4"]
[White "Tania, Sachdev"]
[Black "Lee, Alice"]
[Result "1/2-1/2"]
[WhiteTitle "IM"]
[BlackTitle "IM"]
[WhiteElo "2386"]
[BlackElo "2384"]
[WhiteTeam "India"]
[BlackTeam "United States of America"]
[WhiteFideId "5007844"]
[BlackFideId "30941822"]
[EventDate "2024.09.11"]

1. d4 Nf6 2. c4 e6 3. Nf3 d5 4. Nc3 c6 5. Bg5 Nbd7 6. cxd5 exd5 7. e3 h6 8. Bh4
Be7 9. Qc2 O-O 10. Bd3 Re8 11. O-O-O b5 12. Bg3 Qa5 13. Kb1 Ba6 14. Ne5 Nxe5 15.
dxe5 Nd7 16. Ne2 Nc5 17. Nd4 Qb6 18. Bf5 Bf8 19. Bf4 b4 20. g4 g6 21. Bxg6 fxg6
22. Qxg6+ Kh8 23. e6 Qb7 24. Be5+ Bg7 25. Qxh6+ Kg8 26. Qg6 Kh8 27. Qh6+ Kg8 28.
Qg6 Kh8 29. Qh6+ 1/2-1/2

[Event "Olimpiade 2024 - Donne"]
[Site "Budapest"]
[Date "20.09.2024"]
[Round "9.4"]
[Board "1"]
[White "Osmak, Yuliia"]
[Black "Mkrtchian, Lilit"]
[Result "1/2-1/2"]
[WhiteTitle "IM"]
[BlackTitle "IM"]
[WhiteElo "2471"]
[BlackElo "2366"]
[WhiteTeam "Ukraine"]
[BlackTeam "Armenia"]
[WhiteFideId "14101602"]
[BlackFideId "13300601"]
[EventDate "2024.09.11"]

1. c4 c5 2. Nc3 Nc6 3. g3 g6 4. Bg2 Bg7 5. Nf3 d6 6. d3 e6 7. Bg5 Nge7 8. e4 h6
9. Be3 Nd4 10. O-O O-O 11. Qd2 Kh7 12. Rab1 Nec6 13. a3 a5 14. Bxd4 cxd4 15. Nb5
e5 16. b4 Qe7 17. Rfc1 b6 18. h4 Be6 19. bxa5 Nxa5 20. Ne1 h5 21. Qe2 Bh6 22.
Rd1 Rfc8 23. Rb4 Nb7 24. Qf1 Rg8 25. Kh2 Bg4 26. Bf3 Be6 27. Bg2 Bg4 28. Bf3 Be6
29. Ng2 Nc5 30. Rdb1 1/2-1/2

[Event "Olimpiade 2024 - Donne"]
[Site "Budapest"]
[Date "20.09.2024"]
[Round "9.4"]
[Board "2"]
[White "Mkrtchyan, Mariam"]
[Black "Ushenina, Anna"]
[Result "1/2-1/2"]
[WhiteTitle "WIM"]
[BlackTitle "GM"]
[WhiteElo "2328"]
[BlackElo "2417"]
[WhiteTeam "Armenia"]
[BlackTeam "Ukraine"]
[WhiteFideId "13310828"]
[BlackFideId "14110911"]
[EventDate "2024.09.11"]

1. d4 d5 2. Nf3 Nf6 3. c4 e6 4. Nc3 Be7 5. Bf4 O-O 6. e3 c5 7. dxc5 Bxc5 8. Qc2
Nc6 9. Rd1 Qa5 10. a3 Re8 11. Nd2 e5 12. Bg5 Nd4 13. Qb1 Bf5 14. Bd3 Bxd3 15.
Qxd3 Ne4 16. Nxd5 Nxg5 17. b4 Qd8 18. bxc5 Nde6 19. Qf5 Nxc5 20. h4 Nge6 21. h5
h6 22. O-O Ng5 23. f4 exf4 24. Rxf4 Qc8 25. Qb1 Qc6 26. Rdf1 Nce6 27. Rf5 Rad8
28. Qd3 Rd7 29. Nb3 Kh8 30. Nd4 Qd6 31. Ne2 Nc5 32. Qc2 Nce4 33. Qa4 b6 34. R1f4
Nc5 35. Qb4 Nd3 36. Qxd6 Rxd6 37. Rd4 Nc5 38. Nc7 Rxd4 39. exd4 Rxe2 40. dxc5
Rc2 41. cxb6 axb6 42. Na8 Ra2 43. Nxb6 Rxa3 44. Rc5 Ra1+ 45. Kh2 Rc1 46. Rc8+
Kh7 47. Nd7 g6 48. hxg6+ Kxg6 49. c5 Ne6 50. c6 Kf5 51. Nb8 Rc2 52. Na6 Rc4 53.
c7 Rc6 54. Rh8 Nxc7 55. Nxc7 Rxc7 56. Rxh6 1/2-1/2

[Event "Olimpiade 2024 - Donne"]
[Site "Budapest"]
[Date "20.09.2024"]
[Round "9.4"]
[Board "3"]
[White "Buksa, Nataliya"]
[Black "Danielian, Elina"]
[Result "1-0"]
[WhiteTitle "IM"]
[BlackTitle "GM"]
[WhiteElo "2387"]
[BlackElo "2393"]
[WhiteTeam "Ukraine"]
[BlackTeam "Armenia"]
[WhiteFideId "14123622"]
[BlackFideId "13300210"]
[EventDate "2024.09.11"]

1. e4 e6 2. d4 d5 3. Nc3 Bb4 4. e5 c5 5. Bd2 Ne7 6. a3 Bxc3 7. Bxc3 b6 8. h4 Ba6
9. Bxa6 Nxa6 10. Qe2 cxd4 11. Bxd4 Nb8 12. Nf3 Nbc6 13. O-O-O Qc7 14. h5 h6 15.
Bc3 O-O-O 16. Rh4 Kb8 17. g3 Rhg8 18. Rf4 Rdf8 19. Bb4 Nxb4 20. axb4 g6 21. Rd3
gxh5 22. Rc3 Qd7 23. Nd4 Rg4 24. Rxg4 hxg4 25. Qxg4 a6 26. Qg7 Qe8 27. Qxh6 Kb7
28. Qf6 Ng6 29. Kd2 Qd8 30. Qxd8 Rxd8 31. f4 Ne7 32. b5 a5 33. Ke2 Rh8 34. Kf3
Rh1 35. Kg4 Rd1 36. Rd3 Rb1 37. b3 Kc7 38. Kg5 Kd7 39. g4 Rf1 40. Rf3 Rd1 41.
Nc6 Ng6 42. f5 Nf8 43. Rh3 Rd2 44. Rh8 Ke8 45. Kf6 Rg2 46. Nd8 Rxg4 47. Nxf7
exf5 48. Nd6+ Kd7 49. Rxf8 1-0

[Event "Olimpiade 2024 - Donne"]
[Site "Budapest"]
[Date "20.09.2024"]
[Round "9.4"]
[Board "4"]
[White "Sargsyan, Anna M."]
[Black "Gaponenko, Inna"]
[Result "1-0"]
[WhiteTitle "IM"]
[BlackTitle "IM"]
[WhiteElo "2364"]
[BlackElo "2324"]
[WhiteTeam "Armenia"]
[BlackTeam "Ukraine"]
[WhiteFideId "13308130"]
[BlackFideId "14101181"]
[EventDate "2024.09.11"]

1. e4 c5 2. Nf3 d6 3. d4 cxd4 4. Nxd4 Nf6 5. Nc3 g6 6. Be2 Bg7 7. Be3 Nc6 8. Qd2
O-O 9. O-O-O Nxd4 10. Bxd4 Be6 11. h4 Qa5 12. a3 Rfc8 13. h5 b5 14. hxg6 fxg6
15. Qg5 Rab8 16. f4 Bf7 17. e5 dxe5 18. Qxe5 Nh5 19. Qxe7 b4 20. axb4 Rxb4 21.
Bxg7 Nxg7 22. Rd7 1-0